LEGO Marvel: Iron Man 2 (2010) Minifigures by Picture - Statistics

General Stats
  • This quiz has been taken 44 times
  • The average score is 5 of 5
Answer Stats
Picture Answer % Correct
Iron Man
100%
Nick Fury
97%
Pepper Potts
97%
War Machine
94%
Whiplash
84%
No matching quizzes found
Score Distribution
Percent of People with Each Score
Percentile by Number Answered
Your Score History
You have not taken this quiz